Informe sobre la situación de los derechos humanos en Paraguay
Gespeichert in:
| Körperschaften: | , |
|---|---|
| Format: | Buch |
| Sprache: | Spanisch |
| Veröffentlicht: |
Washington, D.C
Secretariado General OEA
1978
|
| Schlagworte: | |
| Tags: |
Tag hinzufügen
Keine Tags, Fügen Sie den ersten Tag hinzu!
|
MARC
| LEADER | 00000nam a2200000 a 4500 | ||
|---|---|---|---|
| 001 | UCR3234 | ||
| 003 | CL-VaPUC | ||
| 008 | 980124e19780131US |||||||||||||||||spa|d | ||
| 082 | 0 | 4 | |a 323.4 |b OEA |2 21 |
| 110 | 2 | |a OEA |e author |9 402139 | |
| 710 | 2 | |a Organización de Estados Americanos |e author |9 402140 | |
| 245 | 1 | 0 | |a Informe sobre la situación de los derechos humanos en Paraguay |
| 300 | |a 92 p | ||
| 942 | |c BK | ||
| 945 | |d 19980124 00:00:00 |a crobeson | ||
| 260 | |a Washington, D.C |b Secretariado General OEA |c 1978 | ||
| 600 | 0 | 7 | |a OEA |2 CL-VaPUC |9 402139 |
| 600 | 0 | 7 | |a COMISION INTERAMERICANA SOBRE DERECHOS HUMANOS |2 CL-VaPUC |9 259252 |
| 650 | 0 | |a Derechos humanos |9 223025 | |
| 650 | 0 | |a Derechos civiles y políticos |9 338684 | |
| 650 | 0 | |a Violaciones de los derechos humanos |9 338464 | |
| 651 | 0 | |a Paraguay |9 255336 | |
| 583 | |a last modification |c 19980124 00:00:00 |k Rodrigo Vera | ||
| 999 | |c 266330 |d 266328 | ||
| 952 | |0 0 |1 0 |4 0 |6 323_400000000000000_OEA_1978 |7 0 |8 A |9 297793 |a BIBDER |b BIBDER |d 2019-11-20 |i 1941100 |o 323.4 OEA 1978 |p 1941100 |r 2023-01-25 |w 2019-11-20 |y BK |k DER | ||
| 952 | |0 0 |1 0 |4 0 |6 323_400000000000000_OEA_1978 |7 0 |8 A |9 297794 |a BIBDER |b BIBDER |d 2019-11-20 |i 1941151 |o 323.4 OEA 1978 |p 1941151 |r 2023-01-25 |w 2019-11-20 |y BK |k DER | ||